[Event "Titled Tuesday intern op 16th Jan Late"]
[Site "Chess.com INT"]
[Date "2024.01.16"]
[Round "3"]
[White "Marin Posada, Sebastian"]
[Black "Toropov, Pavel"]
[Result "0-1"]
[WhiteElo "2275"]
[BlackElo "2308"]
[PlyCount "56"]
[EventDate "2024.01.16"]
[EventType "swiss (blitz)"]
[EventRounds "11"]
[EventCountry "USA"]
[SourceTitle "CB04_2024"]
[SourceDate "2023.10.16"]
[SourceVersion "1"]
[SourceVersionDate "2023.10.16"]
[SourceQuality "1"]

1. d4 d5 2. c4 c6 3. Nc3 Nf6 4. Nf3 dxc4 5. a4 Bf5 6. Ne5 Nbd7 7. Nxc4 Qc7 8. g3 e5 9. dxe5 Nxe5 10. Bf4 Nfd7 11. Bg2 g5 12. Bxe5 Nxe5 13. Ne3 Be6 14. h4 gxh4 15. Rxh4 Be7 16. Rd4 Bc5 17. Re4 f5 18. Rh4 Bxe3 19. fxe3 Ng4 20. Rxg4 fxg4 21. Ne4 Rd8 22. Qc2 0-0 23. Qc3 Qg7 24. Qc5 Qxb2 25. Rd1 Rxd1+ 26. Kxd1 Rd8+ 27. Ke1 Qa1+ 28. Kf2 Rf8+ 0-1

[Event "Titled Tuesday intern op 16th Jan Late"]
[Site "Chess.com INT"]
[Date "2024.01.16"]
[Round "7"]
[White "Uzuner, Tufan Can"]
[Black "Marin Posada, Sebastian"]
[Result "0-1"]
[WhiteElo "1825"]
[BlackElo "2275"]
[PlyCount "60"]
[EventDate "2024.01.16"]
[EventType "swiss (blitz)"]
[EventRounds "11"]
[EventCountry "USA"]
[SourceTitle "CB04_2024"]
[SourceDate "2023.10.16"]
[SourceVersion "1"]
[SourceVersionDate "2023.10.16"]
[SourceQuality "1"]

1. d4 d5 2. Nf3 Nf6 3. e3 Bf5 4. Bd3 Bg6 5. Ne5 Nbd7 6. Nxg6 hxg6 7. h3 e5 8. c3 e4 9. Be2 Bd6 10. c4 c6 11. Nc3 Qe7 12. Qb3 dxc4 13. Qxb7 0-0 14. Qa6 c5 15. Qxc4 Rfc8 16. 0-0 Rab8 17. Nd5 Nxd5 18. Qxd5 Nb6 19. Qb3 cxd4 20. exd4 Nc4 21. Qd1 Nxb2 22. Bxb2 Rxb2 23. Rc1 Rxc1 24. Qxc1 Rxe2 25. Qc8+ Kh7 26. a4 Qg5 27. Qc4 Qf4 28. g3 Qf3 29. Qd5 Bxg3 30. Qb5 Rxf2 0-1

[Event "COL-chT"]
[Site "Risaralda"]
[Date "2023.11.22"]
[Round "6.3"]
[White "Marin Posada, Sebastian"]
[Black "Rodriguez Velasco, German Enrique"]
[Result "1-0"]
[WhiteElo "2280"]
[BlackElo "1986"]
[PlyCount "65"]
[EventDate "2023.11.19"]
[EventType "team-swiss"]
[EventRounds "7"]
[EventCountry "COL"]
[SourceTitle "CB49_2023"]
[SourceDate "2023.12.06"]
[SourceVersion "1"]
[SourceVersionDate "2023.12.06"]
[SourceQuality "1"]
[WhiteTeam "Antioquia"]
[BlackTeam "Boyaca"]
[WhiteTeamCountry "COL"]
[BlackTeamCountry "COL"]

1. e4 c5 2. Nf3 Nc6 3. Bb5 g6 4. Bxc6 dxc6 5. d3 Bg7 6. h3 Nf6 7. Nc3 0-0 8. Be3 b6 9. Qd2 Ne8 10. Bh6 Nc7 11. h4 f6 12. 0-0-0 Ne6 13. Ne2 Nd4 14. Nfxd4 cxd4 15. h5 Bxh6 16. Qxh6 g5 17. f4 gxf4 18. Qxf4 e5 19. Qh4 Be6 20. Rdf1 Kh8 21. h6 Qe7 22. Rf3 Rf7 23. Rhf1 Rg8 24. Ng3 Rg4 25. Qh2 Qf8 26. Nf5 Rg6 27. Ng7 Bxa2 28. g4 a5 29. g5 Rxg5 30. Rg3 Rxg3 31. Qxg3 a4 32. Rg1 b5 33. Nf5 1-0

[Event "COL-chT"]
[Site "Risaralda"]
[Date "2023.11.19"]
[Round "1.3"]
[White "Marin Posada, Sebastian"]
[Black "Negron Arias, Juan Carlos"]
[Result "1-0"]
[WhiteElo "2280"]
[BlackElo "1897"]
[PlyCount "53"]
[EventDate "2023.11.19"]
[EventType "team-swiss"]
[EventRounds "7"]
[EventCountry "COL"]
[SourceTitle "CB49_2023"]
[SourceDate "2023.12.06"]
[SourceVersion "1"]
[SourceVersionDate "2023.12.06"]
[SourceQuality "1"]
[WhiteTeam "Antioquia"]
[BlackTeam "Norte de Santander"]
[WhiteTeamCountry "COL"]
[BlackTeamCountry "COL"]

1. e4 c6 2. d4 d5 3. e5 c5 4. dxc5 Nc6 5. a3 Nxe5 6. b4 e6 7. Bb2 Ng6 8. c4 Nf6 9. Nf3 Be7 10. cxd5 exd5 11. Bb5+ Bd7 12. Bxd7+ Qxd7 13. 0-0 0-0 14. Nc3 Qg4 15. Nd4 Qg5 16. Bc1 Qh4 17. f4 Ng4 18. h3 Qg3 19. hxg4 Qxc3 20. Rb1 Bf6 21. Nb5 Qc4 22. Nd6 Bd4+ 23. Kh2 Qa2 24. Qxd4 Qe2 25. Bb2 f6 26. Qxd5+ Kh8 27. Qf3 1-0